<?xml version="1.0" encoding="UTF-8"?><?xml-stylesheet type="text/xsl" href="static/style.xsl"?><OAI-PMH xmlns="http://www.openarchives.org/OAI/2.0/" xmlns:xsi="http://www.w3.org/2001/XMLSchema-instance" xsi:schemaLocation="http://www.openarchives.org/OAI/2.0/ http://www.openarchives.org/OAI/2.0/OAI-PMH.xsd"><responseDate>2026-04-13T02:04:20Z</responseDate><request verb="GetRecord" identifier="oai:www.recercat.cat:2117/174515" metadataPrefix="marc">https://recercat.cat/oai/request</request><GetRecord><record><header><identifier>oai:recercat.cat:2117/174515</identifier><datestamp>2025-07-23T07:19:44Z</datestamp><setSpec>com_2072_1033</setSpec><setSpec>col_2072_452951</setSpec></header><metadata><record xmlns="http://www.loc.gov/MARC21/slim" xmlns:dcterms="http://purl.org/dc/terms/" xmlns:xsi="http://www.w3.org/2001/XMLSchema-instance" xmlns:doc="http://www.lyncode.com/xoai" xsi:schemaLocation="http://www.loc.gov/MARC21/slim http://www.loc.gov/standards/marcxml/schema/MARC21slim.xsd">
   <leader>00925njm 22002777a 4500</leader>
   <datafield ind2=" " ind1=" " tag="042">
      <subfield code="a">dc</subfield>
   </datafield>
   <datafield ind2=" " ind1=" " tag="720">
      <subfield code="a">Navas Soler, Rubén</subfield>
      <subfield code="e">author</subfield>
   </datafield>
   <datafield ind2=" " ind1=" " tag="260">
      <subfield code="c">2019-07-08</subfield>
   </datafield>
   <datafield ind2=" " ind1=" " tag="520">
      <subfield code="a">Desenvolupament d’una “app” o aplicació informàtica per a plataforma Android de telèfons mòbils.</subfield>
   </datafield>
   <datafield ind2=" " ind1=" " tag="520">
      <subfield code="a">L'objectiu  d'aquest  projecte  és  la  creació  d'un  sistema  que  sigui  capaç  de controlar   les   funcions   bàsiques   d'un   terrari   on   habita   un camaleó, mitjançant  una  placa  de  desenvolupament  hardware,  en  aquest  cas  un Arduino,   controlat   per   una   aplicació   de   telèfon   mòbil.   Per   arribar a l'objectiu,  el  telèfon  es  connecta  via Bluetooth a  un  mòdul  incorporat  a  la placa   de   desenvolupament.   L'aplicació   és   capaç   de:   visualitzar   la temperatura i humitat del terrari mitjançant un sensor, el control sobre tres portalàmpades,  una  de  calor  i  dos  d'il·luminació,  el  control  de  l'hora l'encesa/apagament  d'aquests  i  de  la  posada  en  mode  automàtic  de  la temperatura. A part, incorpora un comandament a distància per si es donés el cas de la impossibilitat d'utilitzar el telèfon. A més, el sistema incorpora una  pantalla  que  mostra  en  tot  moment  la  data  actual  i  els  valors  de  la temperatura  i  humitat,  i  mitjançant  el comandament  pot  mostrar  altres valors d'interès.</subfield>
   </datafield>
   <datafield tag="653" ind2=" " ind1=" ">
      <subfield code="a">Àrees temàtiques de la UPC::Enginyeria de la telecomunicació::Radiocomunicació i exploració electromagnètica::Comunicacions mòbils</subfield>
   </datafield>
   <datafield tag="653" ind2=" " ind1=" ">
      <subfield code="a">Mobile apps</subfield>
   </datafield>
   <datafield tag="653" ind2=" " ind1=" ">
      <subfield code="a">Aplicacions mòbils</subfield>
   </datafield>
   <datafield tag="653" ind2=" " ind1=" ">
      <subfield code="a">Android (Recurs electrònic)</subfield>
   </datafield>
   <datafield ind2="0" ind1="0" tag="245">
      <subfield code="a">Creació d'una app mòbil pel control d'un terrari</subfield>
   </datafield>
   <datafield ind2="0" ind1="0" tag="245">
      <subfield code="a">Creation of a mobile app for the control of a terrarium</subfield>
   </datafield>
</record></metadata></record></GetRecord></OAI-PMH>